000 00380 a2200121 4500
001 ART_10213
005 20260410161613.0
008 260409a
245 1 0 _aCocrear un nuevo pacto social para las empresas
100 1 _aBrugmann, Jeb
700 1 _aPrahalad, C. K.
773 0 _tHarvard Business Review
_gIconos mundiales - Vol. 85, NÂș 8 (Ago. 2007)
_wREV340
999 _c10809
_d10809